00330nam a2200133Ia 4500008004100000020001500041041001200056082001600068100001700084245005000101260002900151300000900180650000700189221030s9999 xx 000 0 und d a8172247850 aEnglish a105.23bLev aW. S. Levine 4aThe Control Handbook Vol. IIcby W. S. Levine bJaico Pub.aMumbaic1999 a1548 aEE